Orientaciones y aportes para la educación sexual /

Guardado en:
Autor Principal: Balague, Eva F.
Otros Autores: Uva, Norberto
Formato: Libro
Publicado: Buenos Aires : Fundación Nuevamérica, 1994
Materias:
Etiquetas: Agregar Etiqueta
Sin Etiquetas, Sea el primero en etiquetar este registro!
LEADER 00763nam a22002295a 4500
001 CEM.cems010412
005 20080519112722.0
008 130507s1994##################000#0#####d
003 CEMS
020 |a 9879970306 
082 0 4 |a 371.76 
100 1 |a Balague, Eva F. 
245 1 0 |a Orientaciones y aportes para la educación sexual /  |c Eva F. Balague, Norberto Uva 
260 |a Buenos Aires :  |b Fundación Nuevamérica,  |c 1994 
300 |a 436 p. 
500 |a Fotocopias 
505 0 |a Sexualidad humana -- La educación sexual del niño y del adolescente -- La educación sexual en la escuela 
653 |a Educación 
653 |a Educación sexual 
653 |a Sexualidad 
700 1 |a Uva, Norberto 
859 |a CEMS  |b BIB. CEMS - 11 de abril  |h 371.76  |i B182  |p 1704.44  |t Ej.1